Word / (Record no. 11177)
[ view plain ]
| 000 -LEADER | |
|---|---|
| fixed length control field | 01048nas a22002777a 4500 |
| 005 - DATE AND TIME OF LATEST TRANSACTION | |
| control field | 20251222182322.0 |
| 007 - PHYSICAL DESCRIPTION FIXED FIELD--GENERAL INFORMATION | |
| fixed length control field | cr |
| 008 - FIXED-LENGTH DATA ELEMENTS--GENERAL INFORMATION | |
| fixed length control field | 251212c1945 -uk||||| |||| 00| 0 eng d |
| 022 ## - INTERNATIONAL STANDARD SERIAL NUMBER | |
| International Standard Serial Number | 00437956 (impresa) |
| 022 ## - INTERNATIONAL STANDARD SERIAL NUMBER | |
| International Standard Serial Number | 23735112 (en línea) |
| 040 ## - CATALOGING SOURCE | |
| Transcribing agency | AR-FvUNAJ |
| 245 10 - TITLE STATEMENT | |
| Title | Word / |
| Statement of responsibility, etc | International Linguistic Association. |
| 260 ## - PUBLICATION, DISTRIBUTION, ETC. (IMPRINT) | |
| Place of publication, distribution, etc | London : |
| Name of publisher, distributor, etc | Taylor & Francis, |
| Date of publication, distribution, etc | 1945 - |
| 300 ## - PHYSICAL DESCRIPTION | |
| Extent | Impresa y digital |
| 362 ## - DATES OF PUBLICATION AND/OR SEQUENTIAL DESIGNATION | |
| Dates of publication and/or sequential designation | Vol. 1 (1945) - |
| 500 ## - GENERAL NOTE | |
| General note | La publicación presenta algunos artículos en Acceso Abierto y otros de acceso por suscripción. |
| 650 27 - SUBJECT ADDED ENTRY--TOPICAL TERM | |
| Source of heading or term | spines |
| 9 (RLIN) | 1072 |
| Topical term or geographic name as entry element | LINGÜISTICA |
| 650 27 - SUBJECT ADDED ENTRY--TOPICAL TERM | |
| Source of heading or term | unescot |
| 9 (RLIN) | 7809 |
| Topical term or geographic name as entry element | INVESTIGACIÓN LINGÜÍSTICA |
| 650 27 - SUBJECT ADDED ENTRY--TOPICAL TERM | |
| Source of heading or term | unescot |
| 9 (RLIN) | 17574 |
| Topical term or geographic name as entry element | SOCIOLINGÜÍSTICA |
| 710 2# - ADDED ENTRY--CORPORATE NAME | |
| 9 (RLIN) | 22065 |
| Corporate name or jurisdiction name as entry element | International Linguistic Association |
| 856 41 - ELECTRONIC LOCATION AND ACCESS | |
| Uniform Resource Identifier | <a href="https://www.tandfonline.com/journals/rwrd20">https://www.tandfonline.com/journals/rwrd20</a> |
| 856 41 - ELECTRONIC LOCATION AND ACCESS | |
| Uniform Resource Identifier | <a href="https://www.tandfonline.com/doi/epdf/10.1080/00437956.1959.11659702?needAccess=true">https://www.tandfonline.com/doi/epdf/10.1080/00437956.1959.11659702?needAccess=true</a> |
| Link text | Diglossia |
| 869 ## - Existencias | |
| Año | ---- |
| 942 ## - ADDED ENTRY ELEMENTS (KOHA) | |
| Source of classification or shelving scheme | Dewey Decimal Classification |
| Item type | Revista electrónica |
| 980 ## - EQUIVALENCE OR CROSS-REFERENCE-SERIES STATEMENT--PERSONAL NAME/TITLE [LOCAL, CANADA] | |
| Linkage | 19227 |
| Personal name | Leticia Ana Abalos |
| Field link and sequence number | 19227 |
| Miscellaneous information | Leticia Ana Abalos |
| Withdrawn status | Lost status | Source of classification or shelving scheme | Damaged status | Not for loan | Collection code | Home library | Current library | Date acquired | Total Checkouts | Date last seen | Uniform Resource Identifier | Price effective from | Koha item type | Serial Enumeration / chronology |
|---|---|---|---|---|---|---|---|---|---|---|---|---|---|---|
| Dewey Decimal Classification | Acceso en línea | Revistas | Biblioteca Central | Biblioteca Central | 12/12/2025 | 12/12/2025 | https://www.tandfonline.com/loi/rwrd20 | 12/12/2025 | Revista electrónica | |||||
| Dewey Decimal Classification | Acceso en línea | Revistas | Biblioteca Central | Biblioteca Central | 12/12/2025 | 12/12/2025 | https://www.tandfonline.com/toc/rwrd20/15/2 | 12/12/2025 | Revista electrónica | Vol. 15, No 2 (1959) |